| 000 | 01246nam a22002537a 4500 | ||
|---|---|---|---|
| 003 | BD-DhUL | ||
| 005 | 20220309102209.0 | ||
| 008 | 180807m20072021bg ab || b||| 00| 0 ben | ||
| 020 | _a9845120067 (hbk) | ||
| 040 |
_aBD-DhUL _cBD-DhUL |
||
| 082 |
_a954.92 _bBAN |
||
| 245 | 1 | 0 |
_aবাংলাদেশের ইতিহাস, ১৭০৪-১৯৭১ : _bখণ্ড ১ / _cসম্পাদনা সিরাজুল ইসলাম, সাজাহান মিয়া । |
| 250 | _a৩য় সং | ||
| 260 |
_aঢাকা : _bবাংলাদেশ এশিয়াটিক সোসাইটি, _c২০০৭ (২০২১ মুদ্রণ) । |
||
| 300 |
_aখ. : _bচিত্র, মানচিত্র ; _c২৪ সেমি. |
||
| 365 |
_aBDT _b3000.00 |
||
| 504 | _aগ্রন্থপঞ্জিগত তথ্য সংবলিত । | ||
| 505 | 0 | _aখণ্ড ১। রাজনৈতিক ইতিহাস । | |
| 651 | 4 |
_aবাংলাদেশ _xইতিহাস । |
|
| 651 | 4 |
_aBangladesh _xHistory. |
|
| 700 | 1 |
_aইসলাম, সিরাজুল _eসম্পা. |
|
| 700 | 1 |
_aমিয়া, সাজাহান _eসম্পা. |
|
| 942 |
_2ddc _cBK |
||
| 999 |
_c242994 _d242994 |
||